| 000 | 00378nam a2200145Ia 4500 | ||
|---|---|---|---|
| 001 | IA_ | ||
| 002 | CONTABILIDAD DE COSTOS : PRIMER CURSO | ||
| 008 | 220117s xx 000 0 und d | ||
| 010 | _a181650 | ||
| 590 | _aHF5686.C8 R49 1988 | ||
| 650 |
_aContabilidad de costos _927425 |
||
| 650 |
_aCostos _9145513 |
||
| 942 | _c657.42 R49 1988 | ||
| 999 |
_c181650 _d181650 |
||